Consumer behavior of V4 countries in a virtual environment

Vplyv ICT za posledných 20 rokov v rozličných ekonomikách. Špeciálny dopad majú najmä na správanie spotrebiteľa. Projekt Digitálna agenda pre Európu. Správanie spotrebiteľa vo virtuálnom prostredí je časťou tohto projektu. Autorky sledujú správanie spotrebiteľov v krajinách V4 v rokoch 2004-2014, po...

Descrizione completa

Salvato in:
Dettagli Bibliografici
Autore principale: Dzuričková, Jana
Altri autori: Thiessen, Alžbeta, 1988-
Natura: Capitolo di libro
Lingua:inglese
Soggetti:
Tags: Aggiungi Tag
Nessun Tag, puoi essere il primo ad aggiungerne!!

MARC

LEADER 00000naa$a2200000$$$4500
001 0215821
005 20240502083541.3
041 0 |a eng 
044 |a PL 
245 1 0 |a Consumer behavior of V4 countries in a virtual environment  |c Jana Dzuričková, Alžbeta Thiessen 
520 |a Vplyv ICT za posledných 20 rokov v rozličných ekonomikách. Špeciálny dopad majú najmä na správanie spotrebiteľa. Projekt Digitálna agenda pre Európu. Správanie spotrebiteľa vo virtuálnom prostredí je časťou tohto projektu. Autorky sledujú správanie spotrebiteľov v krajinách V4 v rokoch 2004-2014, podľa veku spotrebiteľov 
610 2 0 |a správanie spotrebiteľa 
610 2 0 |a technológie informačné 
610 2 0 |a technológie komunikačné 
610 2 0 |a spoločnosť 
610 2 0 |a digitalizácia 
610 2 0 |a Vyšehradská štvorka 
100 1 |a Dzuričková, Jana 
700 1 |a Thiessen, Alžbeta, 1988-